Valorizácia prostredia pre strediská cestovného ruchu

Metodika valorizácie priestorov cestovného ruchu. Stredisko cestovného ruchu ako ekonomický systém. Kritériá vývoja valority stredísk cestrovného ruchu. Charakteristika 5 stupňov - vývojových štádií stredísk cestovného ruchu.

Salvato in:
Dettagli Bibliografici
Autore principale: Sládek, Gustáv
Natura: Capitolo di libro
Lingua:slovacco
Soggetti:
Tags: Aggiungi Tag
Nessun Tag, puoi essere il primo ad aggiungerne!!

MARC

LEADER 00000naa$a2200000$$$4500
001 0011674
005 20221128113350.0
041 0 |a slo 
044 |a SK 
245 1 0 |a Valorizácia prostredia pre strediská cestovného ruchu  |c aut. Gustáv Sládek 
520 |a Metodika valorizácie priestorov cestovného ruchu. Stredisko cestovného ruchu ako ekonomický systém. Kritériá vývoja valority stredísk cestrovného ruchu. Charakteristika 5 stupňov - vývojových štádií stredísk cestovného ruchu. 
610 2 0 |a strediská ruchu cestovného 
610 2 0 |a valorizácia 
610 2 0 |a metodika 
100 1 |a Sládek, Gustáv